00363nam a2200097Ia 45000010005000000080041000050820025000461000110000712450060001812600024002414293241024s9999 xx 000 0 und d aRD/375.07/R426b/2013 aRepública Dominicana. Ministerio de Educación. Viceministerio de Servicios Técnicos y Pedagógicos 0aBases de la Revisión Curricular. Versión preliminar bSanto Domingoc2013